000 01147cam a22003257a 4500
003 CHAP
005 20220329141851.0
008 980317d1992 mx r 10010 spa d
010 _a74998
011 _a75970
035 _a85544
040 _cCHAP
082 0 4 _a607
_bC83 1992
111 0 0 _aCurso de Actualización para Asesores Técnicos Agrícolas
_d(1992 :
_cChapingo, Méx.)
_930587
245 1 0 _aMemoria
_c/por UACH. Centro de Educación Contínua y Servicios Universitarios
260 0 _aChapingo, Méx. :
_bUACH. Centro de Educación Contínua y Servicios Universitarios,
_c1992.
300 _ac.a. [250] p.
590 _aBATCH-UPD
_b10
_c20130110
_lUCH01
_h1010
590 _aBATCH-UPD
_b10
_c20130410
_lUCH01
_h0618
590 _aBATCH-UPD
_b10
_c20130913
_lUCH01
_h2034
590 _aCONVERSION
_b10
_c20130109
_lUCH01
_h1341
650 1 4 _aAgricultura
_xCongresos.
_91373
650 1 4 _aAyuda técnica.
_99035
650 1 4 _aCapacitación.
_918690
650 1 4 _aExtensión agrícola
_xCongresos.
_939155
901 _aBK
905 _aLilia Sánchez G.
942 _cLIBRO
949 _a607 C83 1992
_bBC
_cCONG
_d855441
_eCONG
_h92559
_i85544
_sb
999 _c74998
_d74998